| 000 | 00573nam a2200205Ia 4500 | ||
|---|---|---|---|
| 005 | 20260429112202.0 | ||
| 008 | 260429s9999||||xx |||||||||||||| ||und|| | ||
| 020 | _a9798893640571 | ||
| 041 | _aEnglish | ||
| 082 |
_a910.4 _bCAR |
||
| 100 | _aCarroll, Bryce | ||
| 245 | 0 |
_aExploring sustainable development using geospatial technologies / _cBryce Carroll |
|
| 250 | _a1st ed. | ||
| 260 |
_aNew York : _bCallisto Reference, _c2024. |
||
| 300 | _aix, 351 p.; hb | ||
| 650 | _a geospatial technology | ||
| 650 | _a Sustainable | ||
| 650 | _aDevelopment | ||
| 942 | _cTB | ||
| 999 |
_c52785 _d52785 |
||